Comunidades Autónomas de España - ¡Muerte súbita! - Estadísticas

Estadísticas generales
  • Esta prueba ha sido intentada 342 veces
    338 desde el último reinicio
  • La puntuación promedio es 14 de 17
Answers on the Grid
Answers color-coded by a green-red scale on the quiz's grid according to % correct below.
Andalucía
Islas Canarias
Cataluña
País Vasco
Galicia
Comunidad Valenciana
Castilla y León
Navarra
Asturias
Aragón
Madrid
Castilla - La Mancha
Murcia
Extremadura
La Rioja
Cantabria
Islas Baleares
Barcelona
Bilbao
Alto Vinalopó
Palma de Mallorca
Alantejo
Orense
Madeira
Sevilla
Málaga
Granada
Álava
Albacete
León
Tarragona
Toledo
Zamora
 
Estadísticas de respuestas
Respuesta % Correcto
Cataluña
89%
Castilla y León
87%
Comunidad Valenciana
87%
Andalucía
86%
País Vasco
86%
Castilla - La Mancha
85%
Islas Baleares
85%
Galicia
84%
Islas Canarias
84%
La Rioja
84%
Aragón
83%
Asturias
83%
Cantabria
83%
Extremadura
82%
Murcia
82%
Madrid
81%
Navarra
80%
No se encontraron pruebas coincidentes
Distribución de puntuación
Porcentaje de gente con cada puntuación
Porcentaje por número respondido
Historial de tus puntuaciones
No has intentado esta prueba desde el último reinicio